Muslim Falsafay Ka Tareekhi Irtiqa: Al‑Kindi se Ibn Khaldūn tak/ (Record no. 614329)
[ view plain ]
| 000 -LEADER | |
|---|---|
| fixed length control field | 00574nam a22001457a 4500 |
| 082 ## - DEWEY DECIMAL CLASSIFICATION NUMBER | |
| Classification number | 297.092 |
| Author Mark | SAP |
| 100 ## - MAIN ENTRY--PERSONAL NAME | |
| Personal name | Zafar Sipal Book Home Publications |
| 245 ## - TITLE STATEMENT | |
| Title | Muslim Falsafay Ka Tareekhi Irtiqa: Al‑Kindi se Ibn Khaldūn tak/ |
| Statement of responsibility, etc. | Sipal, Zafar |
| 260 ## - PUBLICATION, DISTRIBUTION, ETC. | |
| Place of publication, distribution, etc. | Lahore: |
| Name of publisher, distributor, etc. | Book Home Publications |
| 300 ## - PHYSICAL DESCRIPTION | |
| Extent | 160 p. |
| Dimensions | 22cm. |
| 880 ## - ALTERNATE GRAPHIC REPRESENTATION | |
| Linkage | 100-01\(3\r |
| Title | ظفر سپل |
| 880 ## - ALTERNATE GRAPHIC REPRESENTATION | |
| Linkage | 245-02\(03\r |
| Title | مسلم فلسفے کا تاریخی ارتقاء: الکندی سے ابن خلدون تک |
| 880 ## - ALTERNATE GRAPHIC REPRESENTATION | |
| Linkage | 260-03\(03\r |
| Title | لاہور |
| b | بک ہوم |
| c | 2016 |
| 942 ## - ADDED ENTRY ELEMENTS (KOHA) | |
| Source of classification or shelving scheme | |
| Koha item type | Book |
| Withdrawn status | Lost status | Source of classification or shelving scheme | Damaged status | Not for loan | Permanent Location | Current Location | Shelving location | Date acquired | Source of acquisition | Total Checkouts | Full call number | Barcode | Date last seen | Price effective from | Koha item type |
|---|---|---|---|---|---|---|---|---|---|---|---|---|---|---|---|
| Central Library (CL) | Central Library (CL) | Urdu Literature | 07/13/2025 | Donation | 297.092 SAP | CL-D-2770 | 07/13/2025 | 07/13/2025 | Book |
